00000000nas 2200000za 4500
0019.513272
003CaOODSP
00520200401114300
007ta
008150406d19911993onc x m #||||f|   |0fre|d
022 |a1188-2751
040 |aCaOODSP|bfre
043 |an-cn---
0861 |aZ1-1989/2-41F
24500|aCollection d'études.
260 |aToronto : |bCommission royale sur la réforme électorale et le financement des partis : |bGroupe Communication Canada, Édition, Approvisionnements et Services Canada : |bDundurn Press ; |aMontréal : |bWilson & Lafleur Limitée, |c1991-1993.
310 |aIrrégulier
3621 |aParaît depuis volume 1 ; ne paraît plus après volume 23.
7101 |aCanada.|bCommissions royales. |bCommission royale sur la réforme électorale et le financement des partis.
7201 |aLortie, Pierre
77508|tResearch studies.|w(CaOODSP)9.514938
7760#|tCollection d'études. |w(CaOODSP)9.873360